Quantitative chemical analysis / (Registro nro. 20100)

Detalles MARC
000 -CABECERA
Campo de control 00601nam a2200205 a 4500
005 - FECHA Y HORA DE LA ULTIMA TRANSACCION
Campo de control 20180309150633.0
008 - ELEMENTOS DE LONGITUD FIJA—INFORMACION GENERAL
Campo de control 920131s1998 nyu 001 0 eng d
020 ## - ISBN
ISBN 0716728818
040 ## - FUENTE DE CATALOGACIÓN
Agencia catalogadora original CO-BoIAVH
Agencia transcriptora CO-BoIAVH
041 ## - IDIOMA
Código de idioma para texto/pista de sonido o título separado Inglés
044 ## - PAÍS DE PUBLICACIÓN
País de publicación Estados Unidos
082 ## - NUMERO DE CLASIFICACION DECIMAL DEWEY
Número de clasificación 615.1901
Número del ítem H31q
100 1# - ASIENTO PRINCIPAL--NOMBRE PERSONAL
Nombre personal Harris, Daniel C.,
Fechas asociadas con el nombre 1948-
9 (RLIN) 90341
245 10 - MENCION DE TITULO
Título Quantitative chemical analysis /
Mención de responsabilidad Daniel C. Harris
250 ## - MENCION DE EDICION
Mención de edición Quinta edición
260 ## - PUBLICACION, DISTRIBUCION, ETC. (PIE DE IMPRENTA)
Lugar de publicación, distribución, etc. New York :
Nombre del editor, distribuidor, etc. W.H. Freeman,
Fecha de publicación, distribución, etc. 1998.
300 ## - DESCRIPCION FISICA
Extensión 1100 p.
Otros detalles físicos ilustraciones ;
Dimensiones 26 cm
650 #0 - ASIENTO SECUNDARIO DE MATERIA - TERMINO TEMATICO
Término temático o nombre geográfico como elemento de entrada Chemistry, Analytic
Subdivisión general Quantitative
9 (RLIN) 90342
942 ## - ELEMENTOS ADICIONALES (KOHA)
Sistema de clasificación Dewey Decimal Classification
Tipo de ítem Libro
Existencias
Withdrawn status Lost status Sistema de Clasificación Damaged status No para préstamo Colección Ubicación Permanente Ubicación actual Fecha de adquisición Fuente de Valor Valor Total Checkouts Número topográfico Inventario / Código de Barras Date last seen Ejemplar Price effective from Forma de adquisición Tipo de material
    Dewey Decimal Classification     General Bogotá Bogotá 09/03/2018 Amazon 600000.00   LB-615.1901 H31q 043522 09/03/2018 Ej. 1 09/03/2018 Donación Libro